| 000 | 00368 a2200169 4500 | ||
|---|---|---|---|
| 001 | 189075 | ||
| 020 | _a978-85-16-05214-1 | ||
| 040 | _cMagnum | ||
| 100 | _aPontara, Marcela | ||
| 240 | 1 | 0 |
_aGramática _lpor |
| 245 | 1 | 0 | _aGramática |
| 300 | _a606 | ||
| 362 | 0 | _a2011 | |
| 440 | 1 | _aModerna | |
| 697 | _aLÍNGUA, TEORIA DA LITERATURA E GRAMÁTICA | ||
| 942 | _cBK | ||
| 999 |
_c189075 _d189075 |
||